Gminy powiatu Opoczyńskiego - Statystyki

Ogólne statystyki
  • Ten quiz został rozwiązany 23 razy
  • Średni wynik to 6 z 8
Statystyki odpowiedzi
Powierzchnia w km² Nazwa gminy % Poprawnych
190,64 Opoczno
95%
118,19 Drzewica
84%
81,39 Paradyż
84%
129,31 Sławno
79%
141,06 Żarnów
79%
114,63 Białaczów
63%
124,16 Mniszków
58%
140,81 Poświętne
53%
Nie znaleziono quizów pasujących do podanych kryteriów
Rozkład punktacji
Procent ludzi z każdym wynikiem
Percentyl według liczby udzielonych odpowiedzi
Twoja historia wyników
Nie rozwiązałeś tego quizu